Responses for Show #3568 - Wednesday, February 23, 2000

Jeremy Bate game 4.

Contestants

[<< previous game]

Celiane Levy Reiner, a technical data analyst from Briarcliff Manor, New York

Mark Sewell, an OB/GYN intern from Kensington, Maryland

Jeremy Bate, a writer from Los Angeles, California (whose 3-day cash winnings total $33,100)

[next game >>]

Jeopardy! Round responses

STATE PARKS
WHICH CAME FIRST?
PRESIDENTIAL MENAGERIE
SNL CATCHPHRASES
(Alex: Saturday Night Live; you have to tell us who spoke the words.)
HOT WHEELS
FAKING IT
    $100 8
the Great Salt Lake

Mark
    $100 20
(Jeremy: What is "Love Me Do"?)

"Love Is A Many Splendored Thing"

JeremyMark
    $100 17
George Washington

Jeremy
    $100 2
Dana Carvey

Jeremy
    $100 6
Rabbit

Celiane
    $100 7
"Wolf!"

Mark
    $200 9
Smokey the Bear

Jeremy
    $200 21
the Boston Celtics

Mark
    $200 25
Socks

Celiane
    $200 3
Gilda Radner

Jeremy
    $200 13
(Celiane: What is the Integra?)

Civic

MarkCeliane
    $200 15
poker

Jeremy
    $300 10
George Custer

Jeremy
    $300 22
Ian Fleming

Jeremy
    $300 28
Caroline Kennedy

Mark
    $300 4
Mike Myers

Jeremy
    $300 14
(Mark: What is the 944?)

911

MarkCeliane
    $300 19
butter

Jeremy
    $400 11
(Celiane: Who is LBJ?)

Dwight D. Eisenhower

Celiane
Triple Stumper
    $400 23
(Celiane: What is The Great Gatsby?)
(Mark: What is The Last Tycoon?)

This Side of Paradise

JeremyMarkCeliane
    $1,000 29
(Mark: Who is Checkers?)

Fala (belonged to FDR)

Mark
    $400 5
Steve Martin & Dan Aykroyd

Jeremy
    $400 16
Eddie Bauer

Mark
    $400 26
(Alex: With less than a minute to go.)

mirrors

Jeremy
    $500 12
(Jeremy: Who is John Steinbeck?)

Jack London

Jeremy
Triple Stumper
    $500 24
the founding of San Diego

Mark
    $500 30
Zachary Taylor

Mark
    $500 1
Chris Farley

Mark
    $500 18
Kia

Celiane
    $500 27
sham

Celiane

Scores at the first commercial break (after clue 15):

Jeremy Mark Celiane
$1,200 $600 -$200

Scores at the end of the Jeopardy! Round:

Jeremy Mark Celiane
$2,600 $1,200 $600

Double Jeopardy! Round responses

THE BIG BANG
MARK YOUR CALENDAR
(Alex: You have to identify the month of the event we will give you in the clue.)
STARTS & ENDS WITH "A"
LED ZEPPELIN
HOUSES OF THE HOLY
CASHMERE
    $200 11
When the Big Bang occurred

Mark
    $200 16
May

Jeremy
    $200 1
Andrea

Jeremy
    $200 2
Jimmy Page

Jeremy
    $200 21
Bangkok

Jeremy
    $200 26
(J: What are the Andes?)

Himalayas

JeremyCeliane
    $400 17
Closed

Mark
    $400 15
June

Mark
    $400 6
Anatevka

Jeremy
    $400 3
The Who

Jeremy
    $400 22
(minute to go...)

India

Jeremy
    $400 27
(buzzer sounds)

Comb

Celiane
    $600 18
(C: What is noise?)
(Alex (before clue 20): Celiane, our judges have accepted your response of "noise", so you get $1,200 back.)

Radiation

JeremyCeliane
    $600 12
February

Mark
    $600 8
Anaconda

Jeremy
    $600 4
John Bonham

Jeremy
    $600 23
(C: What is Providence?)

Newport

Celiane
Triple Stumper
    $800 19
Helium

Celiane
    $1,500 13
July

Mark
    $800 9
Antenna

Triple Stumper
    $800 5
"Stairway to Heaven"

Mark
    $800 24
(C: What is "The 700 Club?")

Hour of Power

JeremyCeliane
    $1,000 20
(C: Who is Feynman?)

Edwin Hubble

Celiane
    $1000 14
April

Triple Stumper
    $1000 10
Apologia

Triple Stumper
    $1000 7
"Whole Lotta Love"

Mark
    $1000 25
Blue Mosque

Triple Stumper

Scores at the end of the Double Jeopardy! Round:

Jeremy Mark Celiane
$7,000 $6,100 $200

[wagering suggestions for these scores]

Final Jeopardy! Round responses

CLASSICAL MUSIC
(Alex: Written by Sergei Prokofiev, a Russian, so you'd expect it to premiere in this city.)
CelianeWhat is Berlin?
$200
MarkWhat is Berlin?
$901
JeremyWhat is Moscow?
$5,000
Moscow

Final scores:

Jeremy Mark Celiane
$12,000 $5,199 $0
4-day champion: $45,100 2nd place: Sony Home Entertainment System featuring WebTV 3rd place: Internetfitness.com 7.5 HR Treadmill

Game dynamics:

Coryat scores:

Jeremy Mark Celiane
$7,000 $6,400 $1,200
23 R,
3 W
17 R
(including 1 DD),
3 W
(including 1 DD)
9 R,
6 W
(including 1 DD)

Combined Coryat: $14,600

[game clues] [game scores] [suggest correction]

Game tape date: 1999-11-30
The J! Archive is created by fans, for fans. Scraping, republication, monetization, and malicious use prohibited; this site may use cookies and collect identifying information. See terms. The Jeopardy! game show and all elements thereof, including but not limited to copyright and trademark thereto, are the property of Jeopardy Productions, Inc. and are protected under law. This website is not affiliated with, sponsored by, or operated by Jeopardy Productions, Inc. Join the discussion at JBoard.tv.